Words that End in "-LLET" - Statistics

General Stats
  • This quiz has been taken 224 times
  • The average score is 8 of 15
Answer Stats
Answer % Correct
Ballet
80%
Bullet
73%
Mullet
70%
Mallet
68%
Pallet
66%
Fillet
65%
Billet
61%
Gullet
61%
Wallet
59%
Millet
51%
Pellet
50%
Pullet
43%
Skillet
37%
Collet
28%
Cullet
26%
No matching quizzes found
Score Distribution
Percent of People with Each Score
Percentile by Number Answered
Your Score History
You have not taken this quiz